|
|
|
|
| LEADER |
00000cam a2200000 7i4500 |
| 001 |
0000002312 |
| 005 |
20151222.0 |
| 008 |
070711 |
| 020 |
|
|
|a 1841352039
|
| 090 |
0 |
0 |
|a JF
|b ENG
|
| 100 |
0 |
|
|a Blyton, Enid
|
| 245 |
1 |
0 |
|a The young adventurers and the Rajah's Ruby
|c Enid Blyton
|
| 260 |
|
|
|a London :
|b Award ,
|c 2004
|
| 500 |
|
|
|a Children ages 10-12 years old (pink)
|
| 650 |
|
0 |
|a Adventure
|
| 650 |
|
0 |
|a Junior fiction
|x English
|x Languages
|
| 710 |
0 |
|
|a Title
|
| 999 |
|
|
|a 0000966870
|b Book
|c Children Collection
|e Cawangan Batu Pahat
|
| 999 |
|
|
|a 0000966871
|b Book
|c Children Collection
|e Perbadanan Perpustakaan Awam Johor
|
| 999 |
|
|
|a 0000966872
|b Book
|c Children Collection
|e Perbadanan Perpustakaan Awam Johor
|
| 999 |
|
|
|a 0000966873
|b Book
|c Children Collection
|e Cawangan Sri Merlong
|
| 999 |
|
|
|a 0000966874
|b Book
|c Children Collection
|e Cawangan Tmn. Ungku Tun Aminah
|